| 000 | 00771cac a22002051u 4500 | ||
|---|---|---|---|
| 008 | 090112s2005 nyui |r|||| 001 0 eng d | ||
| 010 | _a2004063102 | ||
| 020 | _a0273688839 (pbk.) | ||
| 020 | _a9780273688839 | ||
| 082 | 0 | 0 |
_a650.1 _bCAM _222 |
| 100 |
_aCameron, Sheila. _91235 |
||
| 245 | 1 | 4 |
_aThe business student's handbook : _blearning skills for study and employment / _cSheila Cameron. |
| 250 | _a3rd ed. | ||
| 260 |
_aNew York : _bPrentice Hall, _c2005. |
||
| 300 |
_axix, 410 p. : _bill. ; _c25 cm. |
||
| 504 | _aIncludes bibliographical references and index. | ||
| 650 | 0 |
_aBusiness _xVocational guidance _vHandbooks, manuals, etc. _91700 |
|
| 650 | 0 |
_aBusiness students _x-- Employment _v--Handbooks, manuals, etc. _91701 |
|
| 942 |
_cBB _k650.1CAM _2ddc |
||
| 999 |
_c1085 _d1085 |
||